Match-3 Tutorial #2 - Statistics

General Stats
  • This quiz has been taken 15 times
    14 since last reset
  • The average score is 13 of 27
Answers on the Grid
Answers color-coded by a green-red scale on the quiz's grid according to % correct below.
🟩
🟩
🟨
πŸŸͺ
🟨
🟩
πŸŸͺ
🟨
🟩
πŸŸ₯
🟨
πŸŸ₯
πŸŸͺ
🟩
πŸŸͺ
πŸŸͺ
🟨
🟦
🟩
πŸŸͺ
🟨
🟩
🟦
🟦
πŸŸ₯
πŸŸͺ
πŸŸ₯
πŸŸͺ
🟦
🟨
πŸŸ₯
πŸŸ₯
🟩
🟨
🟩
🟩
 
Answer Stats
Answer % Correct
🟩
91%
🟨
82%
πŸŸ₯
82%
🟩
73%
🟩
73%
🟦
73%
πŸŸͺ
64%
🟩
64%
🟩
55%
🟨
55%
🟨
55%
🟩
55%
🟨
45%
πŸŸͺ
45%
🟦
45%
🟩
45%
🟨
45%
🟩
36%
πŸŸͺ
36%
🟦
36%
πŸŸͺ
36%
🟩
36%
🟩
36%
🟨
27%
πŸŸͺ
18%
πŸŸͺ
9%
πŸŸͺ
9%
No matching quizzes found
Score Distribution
Percent of People with Each Score
Percentile by Number Answered
Your Score History
You have not taken this quiz since the last reset